000 00344nam a2200133 i 4500
001 bg
100 1 _aSZCZEPIŃSKI, Wojciech
245 0 _aStany graniczne i kinematyka ośrodków sypkich /
_cWojciech Szczepiński.
260 _aWarszawa,
_c1974.
040 _cBPK
041 _apol
942 _cKS
008 s pl f |000 0 pol
999 _c26527
_d26527
856 _uhttp://koha.tu.koszalin.pl/cgi-bin/koha/opac-detail.pl?biblionumber=26527
_yKatalog online BPK